MCU Film By 10th Cast Member Quiz Stats

 Plays Quiz not verified by Sporcle

Score 0/23 Timer 05:00
0 Plays Today
10th Cast Member Film % Correct
Kurt RussellGuardians of the Galaxy Vol. 2
96%
Idris ElbaThor: The Dark World
94.9%
Aaron Taylor-JohnsonAvengers: Age of Ultron
94.9%
Paul BettanyIron Man 3
94.3%
Zoe SaldanaAvengers: Infinity War
93.7%
Ray StevensonThor
92%
Emily VanCampCaptain America: The Winter Soldier
92%
Abby Ryder FortsonAnt-Man and The Wasp
92%
Elizabeth OlsenCaptain America: Civil War
90.9%
Benedict CumberbatchThor: Ragnarok
90.3%
Angela BassettBlack Panther
90.3%
Stellan SkarsgardThe Avengers
89.1%
10th Cast Member Film % Correct
Toby JonesCaptain America: The First Avenger
88%
Chadwick BosemanAvengers: Endgame
88%
John C. ReillyGuardians of the Galaxy
84.6%
Laura HarrierSpider-Man: Homecoming
82.3%
Garry ShandlingIron Man 2
80.6%
Sayed BadreyaIron Man
76.6%
David DastmalchianAnt-Man
75.4%
Clark GreggCaptain Marvel
74.3%
Remy HiiSpider-Man: Far From Home
69.1%
Zara PhythianDoctor Strange
59.4%
Paul SolesThe Incredible Hulk
51.4%

You're not logged in!

Compare scores with friends on all Sporcle quizzes.
OR
Log In

Sporcle TV

Today on Sporcle TV


Watch our educational content, quiz creation guides, and fun videos on Sporcle TV.

Show Comments

Extras

Top Quizzes Today


Score Distribution

Your Account Isn't Verified!

In order to create a playlist on Sporcle, you need to verify the email address you used during registration. Go to your Sporcle Settings to finish the process.

Report this User

Report this user for behavior that violates our Community Guidelines.

Details: